000 00592cab a22001815a 4500
001 L154553
008 111220s2011 xxka f 000 0 eng d
035 _a(Sirsi) u154553
041 0 _aeng
100 1 _aHorne, Rob
245 0 0 _aCost management and estimating differences between NEC options A and C
260 _c2011
490 _aCivil Engineering Surveyor
_vDecember/January 2012, 37-38(2)
520 _aTender stage, bill of quantities, option A, option C, compensation events.
651 4 _aUnited Kingdom
_y
690 _aBUILT ENVIRONMENT-BUILDING CONTRACT FORMS
942 _n0
999 _c83663
_d83663